| 000 | 00706nam a2200217Ia 4500 | ||
|---|---|---|---|
| 003 | GCL | ||
| 008 | 140319s9999 xx 000 0 ara d | ||
| 040 |
_aGCL / _cGCL |
||
| 082 | 0 | 4 |
_a659.1 _bم أ |
| 100 | 1 | _aمنى سعيد الحديدى | |
| 245 | 1 | 0 |
_aالاعلان فى التليفزيون المصرى / _cمنى سعيد الحديدى |
| 700 | 1 | _aسلوى امام على | |
| 250 | _aالاولى | ||
| 260 |
_aالقاهرة : _bدار الفكر العربى |
||
| 300 |
_a152 ص ؛ _c24 سم |
||
| 650 | 0 | 4 | _aالاعلان |
| 650 | 0 | 4 | _aالاعلان بالتلفزيون |
| 650 | 0 | 4 | _aالدعاية التليفزيونية |
| 650 | 0 | 4 | _aالفن التجارى |
| 942 |
_2ddc _cBK |
||
| 999 |
_c4921 _d4921 |
||